=LDR 00000nam 2200000 4500 =001 INLIS000000000018992 =005 20130612114114 =008 ***********************************Ind** =035 ##$$0010-061300000018992 =041 ##$$a Ind =082 ##$$a 342.6 =090 ##$$a 342.6, Jat h =100 ##$$a Jatmiko, Sastra =245 ##$$a Hukum kepegawaian di Indonesia, Sastra Jatmiko =260 ##$$a 1979 $b Jakarta =300 ##$$a xiii, 172 hlm, 21 cm =650 ##$$a Hukum =850 ##$$a NBPNMAT